Aprendizaje en realidad virtual : (Record no. 215014)

MARC details
000 -CABECERA
campo de control de longitud fija 02148nab a2200277 ab4500
005 - FECHA Y HORA DE LA ÚLTIMA TRANSACCIÓN
campo de control 20260427194659.0
008 - ELEMENTOS DE LONGITUD FIJA--INFORMACIÓN GENERAL
campo de control de longitud fija 251016c2025 dq fr p#o# #00| spa d
003 - IDENTIFICADOR DEL NÚMERO DE CONTROL
campo de control
040 ## - FUENTE DE LA CATALOGACIÓN
Centro catalogador/agencia de origen MX-MxUPN
Lengua de catalogación spa
Centro/agencia transcriptor MX-MxUPN
Normas de descripción aacr2
100 1# - ASIENTO PRINCIPAL--NOMBRE PERSONAL
Nombre de persona Cabero Almenara, Julio
9 (RLIN) 34761
100 1# - ASIENTO PRINCIPAL--NOMBRE PERSONAL
Nombre de persona Miravete Gracia, María
9 (RLIN) 59404
100 1# - ASIENTO PRINCIPAL--NOMBRE PERSONAL
Nombre de persona Palacios Rodríguez, Antonio
9 (RLIN) 59405
245 10 - MENCIÓN DE TÍTULO
Título Aprendizaje en realidad virtual :
Resto del título impacto en la carga cognitiva y el rendimiento del alumnado universitario en línea]
506 0# - NOTA DE RESTRICCIONES AL ACCESO
Limitaciones de acceso Acceso abierto
520 3# - NOTA DE RESUMEN, ETC.
Sumario, etc. La Realidad Virtual (RV) se consolida como una herramienta educativa clave, capaz de mejorar la experiencia de aprendizaje mediante entornos inmersivos. En esta investigación, se explora la efectividad de los objetos de aprendizaje en RV en términos de adquisición de conocimientos, percepción estudiantil y carga cognitiva. Participan 132 estudiantes universitarios del Grado en Pedagogía y se emplea un diseño preexperimental pretest-postest, utilizando cuestionarios de elección múltiple y escalas adaptadas para evaluar las dimensiones mencionadas. Se identificaron diferencias significativas entre pretest y postest, indicando una mejora en la adquisición de conocimientos. La carga cognitiva global fue moderada, destacando la carga pertinente como positiva. Estos hallazgos refuerzan la teoría de la carga cognitiva y subrayan la importancia del diseño instruccional en RV. Por tanto, los objetos de aprendizaje en RV, bien diseñados, son herramientas efectivas para facilitar el aprendizaje, aunque es necesario seguir investigando en contextos diversos y con dispositivos más inmersivos.
Fuente proveedora RED
650 #2 - ASIENTO SECUNDARIO DE MATERIA - TERMINO TEMATICO
Término de materia o nombre geográfico como elemento de entrada Realidad virtual
9 (RLIN) 20465
650 #4 - ASIENTO SECUNDARIO DE MATERIA - TERMINO TEMATICO
Término de materia o nombre geográfico como elemento de entrada Rendimiento académico
9 (RLIN) 3961
650 #4 - ASIENTO SECUNDARIO DE MATERIA - TERMINO TEMATICO
Término de materia o nombre geográfico como elemento de entrada Tecnología educativa
9 (RLIN) 4978
653 ## - TERMINO DE INDIZACION - NO CONTROLADO
Término no controlado Carga cognitiva
650 ## - ASIENTO SECUNDARIO DE MATERIA - TERMINO TEMATICO
Término de materia o nombre geográfico como elemento de entrada Educación Superior
9 (RLIN) 32
773 ## - ENLACE AL DOCUMENTO FUENTE/ENTRADA DE REGISTRO ANFITRIÓN
Parte(s) relacionada(s) Vol. 25, no. 82 (2025), p. 1-24
Título RED : Revista de educación a distancia
Número Internacional Normalizado para Publicaciones Seriadas 1578-7680
856 4# - LOCALIZACIÓN Y ACCESO ELECTRÓNICOS
Identificador Uniforme del Recurso <a href="https://revistas.isfodosu.edu.do/index.php/recie/article/view/749">https://revistas.isfodosu.edu.do/index.php/recie/article/view/749</a>
856 4# - LOCALIZACIÓN Y ACCESO ELECTRÓNICOS
Identificador Uniforme del Recurso <a href="https://revistas.um.es/red/article/view/644621">https://revistas.um.es/red/article/view/644621</a>
902 ## - ELEMENTOS DE DATOS B LOCAL, LDB (RLIN)
Creó Leonor Sotres/270426
942 ## - ELEMENTOS DE PUNTO DE ACCESO ADICIONAL (KOHA)
Tipo de ítem Koha Artículo Electrónico
Holdings
Estado de retiro Estado de pérdida Estado dañado No para préstamo Código de colección Localización permanente Ubicación/localización actual Ubicación en estantería Fecha de adquisición Total de préstamos Fecha visto por última vez Identificador Uniforme del Recurso Precio válido a partir de Tipo de ítem Koha
        Acceso abierto Bib. Gregorio Torres Quintero Bib. Gregorio Torres Quintero En línea 27/04/2026   27/04/2026 https://revistas.um.es/red/article/view/644621/381871 27/04/2026 Artículo Electrónico